| 000 | 00623cam a22002172 4500 | ||
|---|---|---|---|
| 001 | 0000020860 | ||
| 005 | 20151217145928.0 | ||
| 008 | 111025s xx 000 0 eng d | ||
| 020 | _a0199577019 : | ||
| 040 |
_aKABU _cKABU |
||
| 100 | 1 |
_aDignam, Alan. _@0000181486 |
|
| 245 | 1 | 0 |
_aCompany law / _cAlan Dignam, John Lowry. |
| 250 | _a6th ed. | ||
| 260 |
_aOxford : _bO. U. P., _c2010. |
||
| 300 | _axlvii, 485 p. | ||
| 650 | 0 |
_aCommercial law _zGreat Britain. _@0000153334 |
|
| 700 | 1 |
_aLowry, John. _@0000181487 |
|
| 852 | 1 | _9p3045 KES | |
| 908 | _a111025 | ||
| 950 | _@1 | ||
| 999 |
_c4197 _d4197 |
||